000 00258nam a2200109Ia 4500
005 20251222144712.0
008 251222s9999||||xx |||||||||||||| ||spa||
082 _a343.04/V47M/2006
245 0 _aManual Vera Paredes 2006-2007
264 _bSurco
942 _cLIB
999 _c17887
_d17887